Quizzes
Events
Quiz Creation
Community
Videos
Private Events
Remove Ads
Sign In
Join for FREE
Feedback
Dark Mode
Quiz Categories
Sports
Geography
Music
Movies
Television
Just For Fun
Miscellaneous
History
Literature
Language
Science
Gaming
Entertainment
Religion
Holiday
For Kids
Quiz Lab
Recent
Popular Today
Quiz Kudos Today
Editor Picks
Curator Picks
Quizzes by...
Day
Popularity
Type
Ratings
Length
Year
Community
Subscriptions
Recent Discussions
Orange Saloon
Badges
Playlists
Quests
Create
Leaderboards
Showdown
Live 5
Trivia Bingo
Activity
Puzzle Library
Sporcle Events
Private Events
Virtual Trivia
Globe League
Become a Host
Pub Owners
SporcleCon
Opinionation
Our Games
Videos
Blog
Mobile Apps
Partnerships
Remove Ads and Go Orange
Feedback
Entertainment
Celebrity
Famous
Musical
Broadway
Show
Quote
Comic Books
Anime
Superhero
DC Comics
Marvel
Cartoons
Animation
Entertainment
Celebrity
Famous
Musical
Broadway
Show
Quote
Comic Books
Anime
Superhero
DC Comics
Marvel
Cartoons
Animation
Random Quiz
Search Sporcle
×
Quiz Lab
Quiz Lab
Entertainment
Celebrity
Click on answers out of a set of options
Click on answers out of a set of options
Multiple Choice
Best Score? Go Orange.
Jennifer, Mary, Jessica, or Anna? Stats
Can you choose which first name matches up with the last name of a famous person?
By
daisy67pet
5m
20 Questions
74 Plays
74 Plays
74 Plays
Comments
Comments
Give Quiz Kudos
Give Quiz Kudos
-
- Ratings
hide this ad
Replay
Link that replays current quiz
Next Quiz
Link to next quiz in quiz playlist
You Got
0%
They Got
Avg Score
82%
Avg Friend Score
Upgrade to see
Score Distribution
Jump to the score distribution portion of the page
Score
0/20
Timer
05:00
0
Plays Today
Question
Answer
Wrong Answers
Aniston
Jennifer
93.2%
Mary
1.4%
Jessica
0%
Anna
0%
Lopez
Jennifer
91.9%
Mary
0%
Jessica
0%
Anna
0%
Tyler Moore
Mary
90.5%
Jennifer
2.7%
Jessica
0%
Anna
1.4%
Lawrence
Jennifer
89.2%
Mary
2.7%
Jessica
0%
Anna
0%
Kendrick
Anna
87.8%
Jennifer
1.4%
Mary
5.4%
Jessica
0%
Simpson
Jessica
86.5%
Jennifer
0%
Mary
4.1%
Anna
1.4%
J. Blige
Mary
86.5%
Jennifer
1.4%
Jessica
2.7%
Anna
1.4%
Alba
Jessica
85.1%
Jennifer
2.7%
Mary
2.7%
Anna
1.4%
Hudson
Jennifer
85.1%
Mary
2.7%
Jessica
4.1%
Anna
0%
Paquin
Anna
83.8%
Jennifer
4.1%
Mary
4.1%
Jessica
1.4%
Biel
Jessica
83.8%
Jennifer
4.1%
Mary
2.7%
Anna
1.4%
Nicole Smith
Anna
82.4%
Jennifer
1.4%
Mary
1.4%
Jessica
5.4%
Faris
Anna
81.1%
Jennifer
1.4%
Mary
5.4%
Jessica
4.1%
Garner
Jennifer
79.7%
Mary
2.7%
Jessica
5.4%
Anna
4.1%
Lange
Jessica
79.7%
Jennifer
4.1%
Mary
6.8%
Anna
1.4%
(Name)-Louise Parker
Mary
75.7%
Jennifer
2.7%
Jessica
12.2%
Anna
5.4%
Elizabeth Ellis
Mary
75.7%
Jennifer
6.8%
Jessica
2.7%
Anna
5.4%
Chastain
Jessica
75.7%
Jennifer
8.1%
Mary
6.8%
Anna
0%
Pickford
Mary
73%
Jennifer
4.1%
Jessica
5.4%
Anna
6.8%
Camp
Anna
70.3%
Jennifer
8.1%
Mary
9.5%
Jessica
5.4%
Quiz Playlist
Details
Report
Send in Message
Add To Playlist
Multiple Choice:
Click on answers out of a set of options
Last Updated: Jan 23, 2018
Quiz Scoreboard
CHALLENGE
Sign Up to Join the Scoreboard
Show All
Scores
Hide
Comments
May contain spoilers
Recently Published
College Basketball Coaching Resumes
by pancakes188
Sports
9m
Billboard Blitz: Fleetwood Mac
by CooCooCachoo
Music
15s
Presidents Visiting Landmarks
by Hejman
History
7m
More to Explore
Quiz From the Vault
Featured Blog Post
Where Did the Easter Bunny Come From?
hide this ad
You Might Also Like...
Tags
Celebrity Quiz
anna
First Names
Jennifer
jessica
Last Names
Mary
Today's Top Quizzes in Entertainment
Browse Entertainment
hide this ad
Today's Top Quizzes in Celebrity
Browse Celebrity
Top Contributed Quizzes in Entertainment
1
7-to-1: DC Comics Villains
2
Marvel Characters Bunker
3
Eurovision 2023 Logic Puzzle
4
Dragon Ball Z: Goku's Fights in Order
5
Criteria Quickie: Cartoon Taxonomy II
6
Sorting Pictures: Villains
7
Kamen Rider Motifs
8
Mini Trivia Sudoku: Musicals
9
Fictional Villains Letter U Blitz
10
7-to-1: One Piece
Explore More
Trending Topics
NBA
Harry Potter
Crossword
Marvel
Anime
Disney
Kpop
Soccer
WWE
Song
Pokémon
NFL
Puzzle
The Office
Country
hide this ad
More By:
daisy67pet
Quiz
Plays
Rating
Category
Featured
Created
Which Sitcom Are They From?
61,360
4.39
Television
Nov 19, 2017
Mario Kart Track or National Park?
37,553
4.77
Gaming
Dec 3, 2018
Which Sitcom Are They From II
36,848
4.46
Television
Jan 5, 2018
Most Viewed Countries on Wikipedia
36,145
4.60
Geography
Jan 6, 2018
Things Ugly Naked Guy does in 'Friends'
8,293
4.72
Television
Jan 6, 2018
Go to Creator's Profile
Score Distribution
Quiz Creator Spotlight
daisy67pet
Follow
Send a Message
Quizzes Created
-
Created Quiz Play Count
-
More By This Creator
Popular Quizzes Today
1
Find the US States - No Outlines Minefield
2
Find the Countries of Europe - No Outlines Minefield
3
The Countries of the World
4
Find the US States
5
Risky Map Clicking: Biggest States A-Z
6
US States
7
Popular People in 1961
8
Movies - When Are They Set?
More Entertainment Quizzes
Click the Clowns
Editor's Pick
Trending Quizzes
Risky Map Clicking: Least Populous States A-Z
1-10 Letter G Words
1-10 Letter F Words
Risky Map Clicking: Next State Alphabetically
Risky Map Clicking: Biggest States A-Z
Recently Updated
Leaping Animals
pecheneg
Reality TV Shows (A-Z)
bhenderson79
Rickey Henderson's Hall of Fame Teammates
pecheneg
Champions League XIs: Arsenal
pecheneg
Quick Pick: Celebrities in WWE's Hall of Fame
aduchscher
A-Z Keypad Blitz II
pecheneg
Multiple Oscar Actors
pecheneg
Mystery Phrase Blitz: Oscar 'Best Actors'
pecheneg
F. Scott Fitzgerald Novels
LTH
Pick 3 Villains
ddd62291
Trending Topics
Anime
NBA
Crossword
Harry Potter
Kpop
Disney
Marvel
Song
NFL
WWE
Soccer
Pokémon
Puzzle
The Office
Country
Your Account Isn't Verified!
In order to create a playlist on Sporcle, you need to verify the email address you used during registration. Go to your
Sporcle Settings
to finish the process.
Report this User
Report this user for behavior that violates our
Community Guidelines
.
Details:
Send Report
Go to the Sporcle.com Mobile Site →
Comments